God of War Gaming Franchise - Statistics

General Stats
  • This quiz has been taken 716 times
  • The average score is 7 of 8
Answer Stats
Hint Game % Correct
After 10 years of endless nightmares and servitude to the gods of Olympus, Kratos is assigned with a final task, to kill Ares, the God of War. God of War (2005)
99%
After wiping out the gods of Mount Olympus, Kratos moves on to the frigid lands of Scandinavia, where he and his son must embark on an odyssey across a dangerous world of gods and monsters. God of War (2018)
99%
After being betrayed by the gods of Olympus and annulled of his divine powers, Kratos must embark on a journey to meet the Sisters of Fate and take his revenge on Olympus. God of War II
98%
Armed with his deadly double-chained blades, Kratos must take on Greek mythology's darkest creatures to destroy Olympus and the mighty Zeus himself. God of War III
98%
In an earlier time, when still in service to the gods, Kratos must fight to save the land from a growing darkness. God of War: Chains of Olympus
73%
Kratos is still haunted by the visions of his mortal past and decides to explore his origins. In Atlantis, he finds his mother Callisto, who claims that his brother Deimos is still alive. God of War: Ghost of Sparta
73%
Kratos, the former servant of the God of War, Ares, who tricked Kratos into killing his wife and child, renounces Ares, breaking his blood oath to the God. For this act, Kratos is imprisoned by the three Furies. God of War: Ascension
72%
After his victory against Ares in the first game, Kratos now reveals in his newfound powers and leads his Spartan army through battles. God of War: Betrayal
41%
No matching quizzes found
Score Distribution
Percent of People with Each Score
Percentile by Number Answered
Your Score History
You have not taken this quiz